00554nam a2200145 i 4500001000700000003000900007005001700016008004100033110004400074245012300118260006400241300002200305610006000327852002100387184855ES-MaACL20250902004609.0160205s1888 po |||| | por d2 aAteneu Comercial do Porto. bBiblioteca10aCatalogo geral da bibliotheca do Atheneu Commercial do Porto b: concluido em Dezembro de 1887 / cAtheneu Commercial. aPorto : b[s.n.], c1888 (fTyp. de Arthur José de Souza) a403 p. ; c21 cm.27aAteneu Comercial do Porto. bBiblioteca-vCatálogos2 aES-MaACLjG-8728